000 00544ntaaa2200193 4500
003 01
005 20251027202809.0
008 0714s1973 ag 01
040 _aAR-BaBN
_bspa
_cAR-BaBN
_eaacr
_dRIC
082 _a873.1000 V81
100 _a, Virgilio Maron
_928310
245 _aSix books of the Aeneid of Virgil, with explanatory notes and a vocabulary
250 _a1 ed.
260 _as.l. :
_bEldredge Brothers,
_cc1883
300 _a386 p
650 _aEneida
_928311
650 _aChase and Stuart Classical Series
_928312
942 _cBK
999 _c23332
_d23332